| 000 | 00000nam##2200000za#4500 |
| 001 | 9.523576 |
| 003 | CaOODSP |
| 005 | 20210615083024 |
| 007 | ta |
| 008 | 150406|1994||||xxc||||| f|0| 0 eng|d |
| 020 | |a0-660-59106-5 |
| 022 | |a0706-148X |
| 040 | |aCaOODSP|beng |
| 041 | |aeng |
| 041 | |afre |
| 043 | |an-cn--- |
| 086 | 1 |aS52-2/222-1994 |
| 110 | 1 |aCanada.|bPublic Works and Government Services Canada. |bTranslation Services. |
| 245 | 10|aVocabulary of family violence / |cby Marisa Rondina. |
| 260 | |aOttawa - Ontario : |bPublic Works and Government Services Canada. |c1994. |
| 300 | |a209p. ; |c22 cm. |
| 490 | 1 |aTerminology bulletin|x0706-148X|v222 |
| 500 | |a"This vocabulary focuses on the social problem of family violence and covers the many forms this violence can take: childrearing violence, child sexual abuse, sexual aggression, the violence against women in our society, elder abuse, the abuse of disadvantaged people and Aboriginal violence. Related terms from sociology, psychology, social work and Canadian law have also been included."--Introduction. |
| 520 | 3 |aContains terms for childrearing violence, child sexual abuse, sexual aggression, violence against women in our society, elder abuse, the abuse of disadvantaged people and Aboriginal violence. Includes related terms from sociology, psychology, social work and Canadian law. Terminology Bulletin 222. |
| 546 | |aBilingual |
| 563 | |aSoftcover |
| 590 | |a94-14|b1994-04-08 |
| 690 | 07|aFamily violence|2gcpds |
| 690 | 07|aTerminology|2gcpds |
| 720 | 1 |aRondina, Marisa |
| 776 | 0#|tVocabulaire de la violence familial / |w(CaOODSP)9.590556 |
| 792 | |tVocabulaire de la violence familiale / |efre|w(CaOODSP)9.523577 |
| 830 | #0|aTerminology bulletin,|x0706-148X|v222|w(CaOODSP)9.509598 |